1418 1655 1986 1141 1056 1488 1814 1699 1394 1781 1160 1082 1929 1792 1029 1027 1701 1198 1473 1631 1987 1533 1358 1071 1174 1016 1004 1343 1631 1839 1707 1107 1547 1093 1644 1550 1844 1432 1315 1954 1354 1825 1069 1292 1302 1360 1996 1417 1773 1563 1234 1048 1196 1279 1983 1001 1202 1696 1994 1971 1117 1305 1798 1657 1232 1988 1333 1545 1516 1041 1055 1836 1869 1529 1518 1158 1830 1750 1185 1198 1627 1885 1222 1490 1253 1236 1574 1567 1603 1304 1596 1758 1926 1052 1915 1529 1437 1502 1843 BCNSPRNW ULIB Ver.6.0+V

เปลี่ยนเป็นภาษาไทย

Change to English
 แสดงรายละเอียดบรรณานุกรม
  กลับหน้าหลัก

Brief Record : Get Marc (ISO 2709) : E-mail record : QR code < ปิดหน้าต่าง
LEADER : 00000nam 2200000uu 4500
001    13399125768
003     ULIB
008    170831s2559||||th 000 0 tha d
020    ^a9786164069749
060    ^aWB105 ศ718C
100    ^aศุภฤกษ์ ปรีชายุทธ พรเลิศ ฉัตรแก้ว และสหดล ปุญญถาวร
245    ^aCHULA SURGICAL CRITICAL CARE
250    ^aพิมพ์ครั้งที่ 1
260    ^aกรุงเทพฯ :^bสาขาเวชบำบัดวิกฤต คณะแพทยศาสตร์ จุฬาลงกรณ์มหาวิทยาลัย,^c2559
300    ^a528 หน้า^bภาพประกอบ
650    ^aเวชบำบัดวิกฤต
650    ^aSurgical Critical Care
945    ^p0^l0^i003184
945    ^p0^l0^i003185
999    ^aประนอม เกษจรัล
รายการนี้ยังไม่มีแท็ก
คุณยังไม่ได้ล็อกอิน คุณสามารถมีกิจกรรมร่วมกับเว็บไซต์ได้ แต่ต้องล็อกอินก่อน ::
  ล็อกอิน

รายการสื่อสารสนเทศ

ลำดับที่ ประเภท เลขเรียก/บาร์โค้ด สถานที่ สถานะ
1. วิทยาศาสตร์การแพทย์ และสุขภาพ
วิทยาศาสตร์การแพทย์ และสุขภาพ
สถานะ=หนังสือเก่า
WB105 ศ718C ฉ.1 
  Barcode: 003184
ห้องสมุดวิทยาเขตสวรรค์ประชารักษ์
►ส่วนจัดเก็บหนังสือเก่า สปร
บนชั้น
  ขอยืม
2. วิทยาศาสตร์การแพทย์ และสุขภาพ
วิทยาศาสตร์การแพทย์ และสุขภาพ
สถานะ=หนังสือเก่า
WB105 ศ718C ฉ.2 
  Barcode: 003185
ห้องสมุดวิทยาเขตสวรรค์ประชารักษ์
►ส่วนจัดเก็บหนังสือเก่า สปร
บนชั้น
  ขอยืม

รายการใกล้เคียง
    หัวเรื่อง [เวชบำบัดวิกฤต]

BibComment


ยังไม่เคยถูกคอมเมนท์

คอมเมนท์ทรัพยากรรายการนี้
  คอมเมนท์: CHULA SURGICAL C..


 Copyright 2026. Bcnsprnw @Library